| 000 | 00649nam a2200253Ia 4500 | ||
|---|---|---|---|
| 001 | 32977 | ||
| 005 | 20240114001628.0 | ||
| 007 | ta | ||
| 008 | 061204s398 a g b000 u 346 u | ||
| 040 | _aCotton College Assam | ||
| 041 | _a346 | ||
| 082 |
_a891.444 _bGh 346 Jo |
||
| 100 | _aGhosh, Sankha . | ||
| 245 | 0 |
_aJournal / _cSankha Ghosh. _hTextual Documents |
|
| 250 | _a1st ed. / | ||
| 260 |
_aCalcutta : _bDeys Publishing , _c1398 Bangabda. |
||
| 300 |
_a225p. : _bill ; _c18cm . |
||
| 653 | _aBengali Essays | ||
| 653 | _aG-Bengali | ||
| 942 |
_2ddc _cBK |
||
| 999 |
_c32959 _d32959 |
||